U.S. States by Partial Flag Images #2 - Statistics

General Stats
  • This quiz has been taken 1,669 times
  • The average score is 7 of 10
Answer Stats
Hint Answer % Correct
HTML tutorial Texas
98%
HTML tutorial Alaska
87%
HTML tutorial South Dakota
86%
HTML tutorial Alabama
84%
HTML tutorial Rhode Island
73%
HTML tutorial Arkansas
72%
HTML tutorial Utah
58%
HTML tutorial Illinois
55%
HTML tutorial New Jersey
52%
HTML tutorial Idaho
48%
No matching quizzes found
Score Distribution
Percent of People with Each Score
Percentile by Number Answered
Your Score History
You have not taken this quiz